The summer vacation from the black lagoon / (Record no. 796)

MARC details
000 -LEADER
fixed length control field 01164nam a22003497a 4500
005 - DATE AND TIME OF LATEST TRANSACTION
control field 20230710091533.0
020 ## - INTERNATIONAL STANDARD BOOK NUMBER
International Standard Book Number 9780545072243
020 ## - INTERNATIONAL STANDARD BOOK NUMBER
International Standard Book Number 0545072247
020 ## - INTERNATIONAL STANDARD BOOK NUMBER
International Standard Book Number 9781599619644 (reinf.)
020 ## - INTERNATIONAL STANDARD BOOK NUMBER
International Standard Book Number 1599619644 (reinf.)
040 ## - CATALOGING SOURCE
Original cataloging agency BVD
Transcribing agency BVD
Modifying agency BVD
-- WSDBL
-- MLY
-- DLC
Language of cataloging eng
050 00 - LIBRARY OF CONGRESS CALL NUMBER
Classification number PZ7.T3
Item number Su 2010
082 00 - DEWEY DECIMAL CLASSIFICATION NUMBER
Classification number [Fic]
Edition number 23
100 1# - MAIN ENTRY--PERSONAL NAME
Personal name Thaler, Mike,
Dates associated with a name 1936-
245 14 - TITLE STATEMENT
Title The summer vacation from the black lagoon /
Statement of responsibility, etc. by Thaler, Mike ; illustrated by Lee, Jared .
250 ## - EDITION STATEMENT
Edition statement First printing, May 2010
260 ## - PUBLICATION, DISTRIBUTION, ETC.
Place of publication, distribution, etc. New York :
Name of publisher, distributor, etc. Scholastic,
Date of publication, distribution, etc. 2010.
300 ## - PHYSICAL DESCRIPTION
Extent 62 pages :
Other physical details illustrations ;
Dimensions 20 cm.
490 0# - SERIES STATEMENT
Series statement Little apple
490 0# - SERIES STATEMENT
Series statement Black lagoon adventures ;
Volume/sequential designation Book 17
505 ## - FORMATTED CONTENTS NOTE
Formatted contents note K
520 ## - SUMMARY, ETC.
Summary, etc. After getting so bundled up that he can hardly move, Hubie tries to enjoy his snow day off from school.
521 0# - TARGET AUDIENCE NOTE
Target audience note 510
Source Lexile <br/>
521 0# - TARGET AUDIENCE NOTE
Target audience note K
Source Raz-Plus <br/>
650 #0 - SUBJECT ADDED ENTRY--TOPICAL TERM
Topical term or geographic name entry element Summer
Form subdivision Juvenile fiction.
650 #1 - SUBJECT ADDED ENTRY--TOPICAL TERM
Topical term or geographic name entry element Summer
Form subdivision Fiction.
700 1# - ADDED ENTRY--PERSONAL NAME
Personal name Lee, Jared D.
Relator term illustrator.
906 ## - LOCAL DATA ELEMENT F, LDF (RLIN)
a 7
b cbc
c copycat
d 2
e ncip
f 20
g y-gencatlg
942 ## - ADDED ENTRY ELEMENTS (KOHA)
Source of classification or shelving scheme Dewey Decimal Classification
Koha item type Books
Suppress in OPAC No
999 ## -
-- 796
-- 796
Holdings
Withdrawn status Lost status Source of classification or shelving scheme Damaged status Not for loan Collection Home library Current library Shelving location Date acquired Total Checkouts Full call number Barcode Date last seen Date last checked out Price effective from Koha item type
    Dewey Decimal Classification     Juvenile Fiction Footprints International School Library Network Toul Kork Campus Footprints International School Library Network Toul Kork Campus TK Primary Library Room(4th Floor), Bookcase 3&4, Shelves 17-32, Yellow Books 07/10/2023 2 THA 438 PZ7.T3 FISTK05135 10/05/2023 09/28/2023 07/10/2023 Books